WPS : (Record no. 15019)
[ view plain ]
| 000 -LEADER | |
|---|---|
| fixed length control field | 00743nam a22002777a 4500 |
| 003 - CONTROL NUMBER IDENTIFIER | |
| control field | OSt |
| 005 - DATE AND TIME OF LATEST TRANSACTION | |
| control field | 20140310182642.0 |
| 008 - FIXED-LENGTH DATA ELEMENTS--GENERAL INFORMATION | |
| fixed length control field | 131106b xxu||||| |||| 00| 0 eng d |
| 020 ## - INTERNATIONAL STANDARD BOOK NUMBER | |
| International Standard Book Number | 9719222132 |
| 050 ## - LIBRARY OF CONGRESS CALL NUMBER | |
| Classification number | HD 38.7 |
| Item number | .T161 2007 |
| 100 ## - MAIN ENTRY--PERSONAL NAME | |
| Personal name | Tan, Genevieve Ledesma. |
| 245 ## - TITLE STATEMENT | |
| Title | WPS : |
| Remainder of title | An effective tool for organizational efficiency / |
| Statement of responsibility, etc | Genevieve Ledesma-Tan. |
| 260 ## - PUBLICATION, DISTRIBUTION, ETC. (IMPRINT) | |
| Place of publication, distribution, etc | Philippines: |
| Name of publisher, distributor, etc | Southville International School and Colleges Systems Publications, |
| Date of publication, distribution, etc | c2007. |
| 300 ## - PHYSICAL DESCRIPTION | |
| Extent | 251 p. : |
| Other physical details | ill. ; |
| Dimensions | 27 cm. |
| 942 ## - ADDED ENTRY ELEMENTS (KOHA) | |
| Source of classification or shelving scheme | Library of Congress Classification |
| Koha item type | Books |
| Withdrawn status | Lost status | Source of classification or shelving scheme | Damaged status | Home library | Current library | Shelving location | Date acquired | Total Checkouts | Full call number | Barcode | Date last seen | Copy number | Price effective from | Koha item type |
|---|---|---|---|---|---|---|---|---|---|---|---|---|---|---|
| Library of Congress Classification | Luxembourg Library | Luxembourg Library | Teachers Reference Section | 11/06/2013 | HD 38.7 .T161 2007 | 16837 | 11/06/2013 | 1 | 11/06/2013 | Books | ||||
| Library of Congress Classification | Luxembourg Library | Luxembourg Library | Teachers Reference Section | 11/06/2013 | HD 38.7 .T161 2007 | 16838 | 11/06/2013 | 2 | 11/06/2013 | Books | ||||
| Library of Congress Classification | Luxembourg Library | Luxembourg Library | Teachers Reference Section | 11/06/2013 | HD 38.7 .T161 2007 | 16839 | 11/06/2013 | 3 | 11/06/2013 | Books | ||||
| Library of Congress Classification | Luxembourg Library | Luxembourg Library | Teachers Reference Section | 11/06/2013 | HD 38.7 .T161 2007 | 16840 | 11/06/2013 | 4 | 11/06/2013 | Books | ||||
| Library of Congress Classification | Luxembourg Library | Luxembourg Library | Teachers Reference Section | 11/06/2013 | HD 38.7 .T161 2007 | 16841 | 11/06/2013 | 5 | 11/06/2013 | Books | ||||
| Library of Congress Classification | Luxembourg Library | Luxembourg Library | Teachers Reference Section | 11/06/2013 | HD 38.7 .T161 2007 | 16842 | 11/06/2013 | 6 | 11/06/2013 | Books | ||||
| Library of Congress Classification | Luxembourg Library | Luxembourg Library | Teachers Reference Section | 11/06/2013 | HD 38.7 .T161 2007 | 16843 | 11/06/2013 | 7 | 11/06/2013 | Books | ||||
| Library of Congress Classification | Luxembourg Library | Luxembourg Library | Teachers Reference Section | 11/06/2013 | HD 38.7 .T161 2007 | 16844 | 11/06/2013 | 8 | 11/06/2013 | Books | ||||
| Library of Congress Classification | Luxembourg Library | Luxembourg Library | Teachers Reference Section | 11/06/2013 | HD 38.7 .T161 2007 | 16845 | 11/06/2013 | 9 | 11/06/2013 | Books | ||||
| Library of Congress Classification | Luxembourg Library | Luxembourg Library | Teachers Reference Section | 11/06/2013 | HD 38.7 .T161 2007 | 16846 | 11/06/2013 | 10 | 11/06/2013 | Books |